Discurso pronunciado por el Excmo. Sr. D. Francisco Martínez de la Rosa, el día 3 de noviembre de 1858, con motivo de la apertura de las cátedras del Ateneo Científico y Literario de esta corte. (Record no. 158961)
[ view plain ]
| 000 -LEADER | |
|---|---|
| campo de control de longitud fija | 01324nam a2200253 i 4500 |
| 001 - NÚMERO DE CONTROL | |
| campo de control | 158961 |
| 003 - IDENTIFICADOR DE NÚMERO DE CONTROL | |
| campo de control | ES-MaACL |
| 005 - FECHA Y HORA DE LA ÚLTIMA TRANSACCIÓN | |
| campo de control | 20231226160259.0 |
| 008 - DATOS DE LONGITUD FIJA--INFORMACIÓN GENERAL | |
| campo de control de longitud fija | 940202s1858 sp |||| | spa d |
| 080 ## - NÚMERO DE LA CLASIFICACIÓN DECIMAL UNIVERSAL | |
| Número de la Clasificación Decimal Universal | 930.85(100)"18" |
| 100 1# - ENTRADA PRINCIPAL--NOMBRE DE PERSONA | |
| Nombre de persona | Martínez de la Rosa, Francisco, |
| Fechas asociadas al nombre | 1787-1862 |
| 9 (RLIN) | 78009 |
| 245 10 - MENCIÓN DEL TÍTULO | |
| Título | Discurso pronunciado por el Excmo. Sr. D. Francisco Martínez de la Rosa, el día 3 de noviembre de 1858, con motivo de la apertura de las cátedras del Ateneo Científico y Literario de esta corte. |
| 260 ## - PUBLICACIÓN, DISTRIBUCIÓN, ETC. | |
| Lugar de publicación, distribución, etc. | Madrid : |
| Nombre del editor, distribuidor, etc. | [s.n.], |
| Fecha de publicación, distribución, etc. | 1858 ( |
| Fabricante | Imp. de Tejado, a cargo de Francisco de Robles) |
| 300 ## - DESCRIPCIÓN FÍSICA | |
| Extensión | 16 p. ; |
| Dimensiones | 25 cm. |
| 530 ## - NOTA DISPONIBLE DE FORMULARIO FÍSICO ADICIONAL | |
| Nota de formato físico adicional disponible | Disponible en formato digital. |
| 594 ## - Nota al título y mención de responsabilidad | |
| Nota al título y mención de responsabilidad | Tema del discurso: La civilización moderna y los adelantos del siglo XIX. |
| 610 24 - PUNTO DE ACCESO ADICIONAL DE MATERIA--NOMBRE DE ENTIDAD CORPORATIVA | |
| Nombre de entidad corporativa o nombre de jurisdicción como elemento de entrada | Ateneo de Madrid- |
| Subdivisión de forma | Discursos de apertura- |
| Subdivisión cronológica | S.XIX. |
| 9 (RLIN) | 1912 |
| 650 #4 - PUNTO DE ACCESO ADICIONAL DE MATERIA--TÉRMINO DE MATERIA | |
| Término de materia o nombre geográfico como elemento de entrada | Civilización- |
| Subdivisión cronológica | S.XIX. |
| 9 (RLIN) | 146955 |
| 650 #4 - PUNTO DE ACCESO ADICIONAL DE MATERIA--TÉRMINO DE MATERIA | |
| Término de materia o nombre geográfico como elemento de entrada | Tecnología y civilización. |
| 9 (RLIN) | 17420 |
| 852 4# - LOCALIZACIÓN | |
| Ubicación | ES-MaACL |
| Número de control de estantería | T-95-F-13 |
| Nota libre | - Enc. hol., falto de cub. original |
| -- | - Enc. en un vol. facticio |
| 852 4# - LOCALIZACIÓN | |
| Ubicación | ES-MaACL |
| Número de control de estantería | T-154-F-8 |
| Nota libre | - Enc. hol., falto de cub. original |
| -- | - Enc. en un vol. facticio |
| 856 4# - LOCALIZACIÓN Y ACCESO ELECTRÓNICOS | |
| Identificador Uniforme de Recursos | <a href="http://www.bibliotecavirtualdeandalucia.es/catalogo/es/consulta/registro.cmd?id=8176">http://www.bibliotecavirtualdeandalucia.es/catalogo/es/consulta/registro.cmd?id=8176</a> |
| Nota pública | Biblioteca Virtual de Andalucía |
| Estatus retirado | Estado de pérdida | Estado de daño | No para préstamo | Colección | Biblioteca de origen | Biblioteca actual | Ubicación en estantería | Fecha de adquisición | Total de préstamos | Signatura topográfica completa | Código de barras | Visto por última vez | Precio de reemplazo | Tipo de ítem Koha |
|---|---|---|---|---|---|---|---|---|---|---|---|---|---|---|
| Colección de folletos | Biblioteca del Ateneo de Madrid | Biblioteca del Ateneo de Madrid | Depósito folletos | 17/01/2008 | T-154-F-8 | 1166395 | 23/02/2023 | 23/02/2023 | Folleto | |||||
| Colección de folletos | Biblioteca del Ateneo de Madrid | Biblioteca del Ateneo de Madrid | Depósito folletos | 17/01/2008 | T-95-F-13 | 1166394 | 23/02/2023 | 23/02/2023 | Folleto |
